| 000 | 00514nam a2200169Ia 4500 | ||
|---|---|---|---|
| 008 | 110201s9999 xx 000 0 und d | ||
| 082 |
_bB9374 _aK 2624 |
||
| 100 | _aडॉ.जाखोटिया गिरीश | ||
| 245 | _aवंश | ||
| 260 | _bराजेंद्र प्रकाशन | ||
| 365 | _b225 | ||
| 600 | _aडॉ.जाखोटिया गिरीश | ||
| 630 | _aवंश | ||
| 700 | _aडॉ.जाखोटिया गिरीश | ||
| 730 | _aवंश | ||
| 942 | _cBOOK | ||
| 999 |
_c834816 _d834813 |
||